<?xml version="1.0" encoding="UTF-8"?>
<marc:record xmlns:marc="http://www.loc.gov/MARC21/slim">
   <marc:leader>00000nam a2200000 a 4500</marc:leader>
   <marc:datafield ind1="1" ind2=" " tag="100">
      <marc:subfield code="a">Hunter, Erin</marc:subfield>
      <marc:subfield code="4">aut</marc:subfield>
      <marc:subfield code="e">Verfasser/-in</marc:subfield>
   </marc:datafield>
   <marc:datafield ind1="0" ind2="0" tag="245">
      <marc:subfield code="a">Die letzte große Wildnis</marc:subfield>
   </marc:datafield>
   <marc:datafield ind1="0" ind2="0" tag="245">
      <marc:subfield code="c">Hunter, Erin</marc:subfield>
   </marc:datafield>
   <marc:datafield ind1=" " ind2="1" tag="264">
      <marc:subfield code="a">Weinheim</marc:subfield>
      <marc:subfield code="b">Beltz &amp; Gelberg</marc:subfield>
      <marc:subfield code="c">2015</marc:subfield>
   </marc:datafield>
   <marc:datafield ind1="1" ind2=" " tag="490">
      <marc:subfield code="a">Seekers</marc:subfield>
      <marc:subfield code="v">4</marc:subfield>
   </marc:datafield>
   <marc:datafield ind1="1" ind2=" " tag="520">
      <marc:subfield code="a">Angaben aus der Verlagsmeldung &#xD;
&#xD;
 &#xD;
&#xD;
  Seekers - Die Letzte Große Wildnis : Band 4 Seekers, The Last Wilderness / von Erin Hunter &#xD;
&#xD;
 &#xD;
für alle Tierfantasy-Fans: die Reise der Bären geht weiter&#xD;
&#xD;
Die Bären sind im Land ihrer Träume angekommen: der Letzten Großen Wildnis. Alle sind glücklich, nur Ujurak ist beunruhigt. Er spürt, dass sie ihr Ziel noch nicht erreicht haben. Um eine neue Route zu finden, verwandelt er sich und wird dabei schwer verletzt. Dann passiert das Unfassbare: Die Flachgesichter bringen Ujurak weit weg. Lusa, Kallik und Toklo müssen ihren Freund unbedingt finden, bevor sein Geheimnis entdeckt wird ...</marc:subfield>
   </marc:datafield>
   <marc:datafield ind1=" " ind2=" " tag="020">
      <marc:subfield code="a">9783407745866</marc:subfield>
      <marc:subfield code="9">9783407745866</marc:subfield>
   </marc:datafield>
   <marc:datafield ind1=" " ind2=" " tag="020">
      <marc:subfield code="a">3407745869</marc:subfield>
      <marc:subfield code="9">3407745869</marc:subfield>
   </marc:datafield>
   <marc:datafield ind1=" " ind2=" " tag="041">
      <marc:subfield code="a">ger</marc:subfield>
   </marc:datafield>
   <marc:datafield ind1=" " ind2=" " tag="300">
      <marc:subfield code="b">Kt.</marc:subfield>
   </marc:datafield>
   <marc:datafield ind1="0" ind2=" " tag="490">
      <marc:subfield code="v">4</marc:subfield>
   </marc:datafield>
   <marc:datafield ind1=" " ind2=" " tag="338">
      <marc:subfield code="a">Band</marc:subfield>
   </marc:datafield>
   <marc:datafield ind1=" " ind2=" " tag="300">
      <marc:subfield code="a">269 Seiten</marc:subfield>
   </marc:datafield>
</marc:record>
